| 000 | nam a22 7a 4500 | ||
|---|---|---|---|
| 999 |
_c127524 _d127524 |
||
| 008 | 180209b xxu||||| |||| 00| 0 eng d | ||
| 020 | _a9780521187640 | ||
| 050 | _aJC599.A36 A36 2008 | ||
| 100 |
_aEvans, Malcolm _939121 |
||
| 245 |
_aThe African charter on human and peoples' rights _bthe system in practice 1986-2006 _cMalcolm Evans and Rachel Murray |
||
| 250 | _a2nd. ed. | ||
| 260 |
_aCambridge _bCambridge University Press _c2008 |
||
| 300 |
_axxv, 509p. ; _c23cm. |
||
| 650 |
_aHuman rights _zAfrica _919054 |
||
| 650 |
_aAfrican Charter on Human and Peoples' Rights (1981) _939122 |
||
| 942 |
_2lcc _cMONOGRAPH |
||